| 000 | 00606nam a2200169 a 4500 | ||
|---|---|---|---|
| 008 | 120416s1967 ||||||||||||||||| || u | ||
| 050 | _aJQ 3523.A79 Cli | ||
| 100 | _aCliffe, Lionel | ||
| 245 | 1 | 0 | _aOne party democracy |
| 246 | _athe 1965 Tanzania general elections | ||
| 260 |
_aNairobi _bEast African Publishing House _c1967 |
||
| 300 | _a470p. : ill. | ||
| 350 | _a0.00 | ||
| 650 | _aPOLITICS | ||
| 650 | _aTANZANIA--ONE- PARTY DEMOCRACY | ||
| 995 |
_D0.00 _FCBU-MAIN LIBRARY (Kitwe) _H1 _I0.00 _M1 _UAVAILABLE _ZAnnex Low-Usage Collection |
||
| 999 |
_c52608 _d52608 |
||